LEADER 00884nam a2200265 i 4500 001 991003454959707536 005 20021217151233.0 008 961025s1986 us a b 001 0 eng d 020 $a0195037421 035 $ab11811924-39ule_inst 035 $aLE00300870$9ExL 040 $aDip.to Biologia$beng 082 0 $a595.3$222 100 1 $aSchram, Frederick R.$0531247 245 10$aCrustacea /$cFrederick R. Schram 260 3 $aNew York :$bOxford University Press,$c1986 300 $axiv, 606 p. :$bill. ;$c24 cm 500 $aIncludes indexes 650 4$aCrustacea 907 $a.b11811924$b04-12-06$c18-12-02 912 $a991003454959707536 945 $aLE003 595.3 SCH01.01 (1986)$g1$i2003000007039$lle003$o-$pE0.00$q-$rl$s- $t0$u3$v1$w3$x0$y.i12061049$z18-12-02 996 $aCrustacea$9899182 997 $aUNISALENTO 998 $ale003$b01-01-96$cm$da $e-$feng$gus $h0$i1 LEADER 01375nam 2200397 450 001 9910150433103321 005 20230808200518.0 010 $a3-95489-904-3 035 $a(CKB)3710000000943297 035 $a(MiAaPQ)EBC4742455 035 $a(EXLCZ)993710000000943297 100 $a20161208h20162016 uy 0 101 0 $aeng 135 $aurcnu|||||||| 181 $2rdacontent 182 $2rdamedia 183 $2rdacarrier 200 10$aUsing geographical information systems (GIS) to study the concentration of major air pollutants in Lahore City of Pakistan /$fIsma Younes, Muhammad Shafiq, Fouzia Yaqub 210 1$aHamburg, [Germany] :$cAnchor Academic Publishing,$d2016. 210 4$dİ2016 215 $a1 online resource (107 pages) 311 $a3-95489-404-1 320 $aIncludes bibliographical references. 606 $aGeographic information systems$xResearch 615 0$aGeographic information systems$xResearch. 676 $a910.285 700 $aYounes$b Isma$01263643 702 $aShafiq$b Muhammad$c(Meteorologist), 702 $aYaqub$b Fouzia 801 0$bMiAaPQ 801 1$bMiAaPQ 801 2$bMiAaPQ 906 $aBOOK 912 $a9910150433103321 996 $aUsing geographical information systems (GIS) to study the concentration of major air pollutants in Lahore City of Pakistan$92962274 997 $aUNINA